000 00745nam a22002057a 4500
999 _c14755
_d14755
003 AR-CdUCM
008 190424b ||||| |||| 00| 0 spa d
020 _a978-84-9825-755-7
040 _aMUNICIPALIDAD PROVINCIAL DEL CUSCO
_cBIBLIOTECA MUNICIPAL DEL CUSCO
082 _aEP / 376.1 /
_bN29
100 _aNavarro, Ángels
_926797
245 _a¡Nos divertimos con la ciencia! /
260 _aBarcelona :
_bCombel,
_c2012.
300 _a58 paginas ;
_bIlustraciones,
_c31 cm.
_eContiene un sobre con 14 folletos ilustrativos de experimentos.
650 _aAprendiendo a experiementar
_933638
650 _aExperimentos divertidos
_933639
650 _aExperimentos para niños (as)
_933640
942 _2ddc
_cLIBROS
945 _awnts
_d2019-04-24